000 00747nam a2200253K 4500
008
049 _aMAIN
090 _aRC78
_bPAU.
100 1 _aPaul, Lester W.
245 1 4 _aThe essentials of roentgen interpretation
_c[by] Lester W. Paul [and] John H. Juhl.
250 _a2nd ed.
260 _aNew York,
_bHoeber Medical Division
_cc1965.
300 _axxi, 902 p.
_bill. ;
_c28 cm.
500 _aIncludes index.
504 _aIncludes bibliographical references.
650 0 _aDiagnosis, Radioscopic.
650 2 _aRadiography.
700 1 0 _aJuhl, John H.
907 _a.b10355947
_b31-03-15
_c30-03-15
003
005 20230123122138.0
040 _cNUST
942 _cBOOKS
_kRC78
_mPAU.
999 _c128568
_d128568